000 00433nam a2200181Ia 4500
001 18135
005 20260306171608.0
008 260306s9999||||xx |||||||||||||| ||und||
041 _aESP
082 _a658.4012
_bG39
100 _aChemawat, Pankaj
_eAUT
245 0 _aEstrategia y el panorama empresarial
260 _c2007
300 _a217 páginas :
_c24 cm.
650 _aGEN
654 _aCAN
942 _cLIB
_dJUS
_fJUS
_2ddc
_n
999 _c18135
_d18135